000 00529nam a22001817a 4500
003 OSt
005 20150511184005.0
008 150511b xxu||||| |||| 00| 0 eng d
040 _c040a
082 _a520
_bWIL 1963
100 _aWilson, Richard
_94592
245 _aThe nucleon-nucleon interaction :
_bexperimental and phenomenological aspects /
_cRichard Wilson
260 _aNew York
_bJohn Wiley & sons
_c1963
300 _aix, 249p ;
_bill :
_c8 cm
504 _aincludes index
650 _aNucleon
_94593
942 _2ddc
_cSLOAN
999 _c1742
_d1742